[Event "American Continental 18th"]
[Site "Medellin"]
[Date "2024.05.29"]
[Round "8"]
[White "Pilonieta Forero, Andres Felipe"]
[Black "Marin Florez, Schmidt"]
[Result "0-1"]
[WhiteElo "1700"]
[BlackElo "1870"]
[PlyCount "52"]
[EventDate "2024.05.24"]
[EventType "swiss"]
[EventRounds "11"]
[EventCountry "COL"]
[SourceTitle "CB23_2024"]
[SourceDate "2024.06.05"]
[SourceVersion "1"]
[SourceVersionDate "2024.06.05"]
[SourceQuality "1"]

1. e4 c5 2. Nf3 d6 3. d4 cxd4 4. Nxd4 Nf6 5. Nc3 g6 6. Be3 Bg7 7. f3 Nc6 8. Qd2 h5 9. 0-0-0 Bd7 10. Bc4 a6 11. Bb3 Na5 12. Nd5 Nxb3+ 13. Nxb3 Nxd5 14. exd5 Rc8 15. Bd4 0-0 16. Bxg7 Kxg7 17. h4 Rc4 18. g4 Rh8 19. Rdg1 b5 20. Nd4 Qb6 21. Nf5+ gxf5 22. gxf5+ Kf8 23. f6 Bf5 24. Qg5 Rxc2+ 25. Kd1 Qd4+ 26. Ke1 Qf2+ 0-1

[Event "American Continental Blitz 18th"]
[Site "Medellin"]
[Date "2024.05.29"]
[Round "1"]
[White "Pilonieta Forero, Andres Felipe"]
[Black "Vargas, Gabriela"]
[Result "0-1"]
[WhiteElo "1700"]
[BlackElo "2115"]
[PlyCount "104"]
[EventDate "2024.05.29"]
[EventType "swiss (blitz)"]
[EventRounds "9"]
[EventCountry "COL"]
[SourceTitle "CB23_2024"]
[SourceDate "2024.06.05"]
[SourceVersion "1"]
[SourceVersionDate "2024.06.05"]
[SourceQuality "1"]

1. e4 e6 2. d4 d5 3. Nd2 Nc6 4. c3 e5 5. dxe5 Nxe5 6. exd5 Qxd5 7. Ngf3 Nd3+ 8. Bxd3 Qxd3 9. Qe2+ Qxe2+ 10. Kxe2 Bg4 11. h3 Bf5 12. Nc4 0-0-0 13. Rd1 Rxd1 14. Kxd1 Bc5 15. Be3 Bxe3 16. Nxe3 Bg6 17. Ne5 Ne7 18. Nxg6 hxg6 19. Kc2 f5 20. Re1 c6 21. Rd1 Kc7 22. Nc4 Nd5 23. Ne5 g5 24. c4 Nf6 25. f3 Re8 26. Re1 Nh5 27. Nd3 Rxe1 28. Nxe1 Nf4 29. Kd2 Kd6 30. Ke3 g6 31. h4 Ne6 32. hxg5 Nxg5 33. Nd3 Nf7 34. Nf4 Ne5 35. b3 g5 36. Nd3 Ng6 37. g3 a5 38. a3 Nf8 39. b4 axb4 40. axb4 Ne6 41. f4 g4 42. Ne5 Ng7 43. Nd3 Nh5 44. Kf2 b5 45. cxb5 cxb5 46. Nc5 Kd5 47. Na6 Kc4 48. Kg2 Nf6 49. Kf2 Ne4+ 50. Kg2 Nc3 51. Kf2 Nd5 52. Ke2 Kd4 0-1

[Event "American Continental 18th"]
[Site "Medellin"]
[Date "2024.05.28"]
[Round "7"]
[White "Morales Perez, Ghisell Gabriela"]
[Black "Pilonieta Forero, Andres Felipe"]
[Result "1/2-1/2"]
[WhiteElo "1845"]
[BlackElo "1700"]
[PlyCount "65"]
[EventDate "2024.05.24"]
[EventType "swiss"]
[EventRounds "11"]
[EventCountry "COL"]
[SourceTitle "CB23_2024"]
[SourceDate "2024.06.05"]
[SourceVersion "1"]
[SourceVersionDate "2024.06.05"]
[SourceQuality "1"]

1. e4 e5 2. Nf3 Nc6 3. Nc3 Nf6 4. Be2 d5 5. exd5 Nxd5 6. 0-0 Nxc3 7. bxc3 e4 8. Ne1 Bd6 9. f3 Bf5 10. fxe4 Bxe4 11. Nf3 0-0 12. d4 h6 13. Be3 Re8 14. Bd3 Qd7 15. Qd2 a5 16. a4 Bxd3 17. Qxd3 Qe6 18. Rae1 Qe4 19. Qd1 Qg4 20. Qb1 b6 21. Qb3 Qd7 22. Nh4 Re4 23. Bf2 Rae8 24. Rxe4 Rxe4 25. Nf3 Re2 26. Ne1 Qe8 27. Qc4 Nb8 28. Qd3 Nd7 29. c4 Qe4 30. Qh3 Qe6 31. Qd3 Qe4 32. Qh3 Qe6 33. Qd3 1/2-1/2

[Event "American Continental 18th"]
[Site "Medellin"]
[Date "2024.05.27"]
[Round "5"]
[White "Ortegon Villacorte, Linda Daniela"]
[Black "Pilonieta Forero, Andres Felipe"]
[Result "1-0"]
[WhiteElo "1888"]
[BlackElo "1700"]
[PlyCount "95"]
[EventDate "2024.05.24"]
[EventType "swiss"]
[EventRounds "11"]
[EventCountry "COL"]
[SourceTitle "CB23_2024"]
[SourceDate "2024.06.05"]
[SourceVersion "1"]
[SourceVersionDate "2024.06.05"]
[SourceQuality "1"]

1. e4 e5 2. Nf3 Nc6 3. Nc3 Nf6 4. d4 exd4 5. Nxd4 Bb4 6. Nxc6 bxc6 7. Bd3 d5 8. exd5 cxd5 9. 0-0 0-0 10. Bg5 Be6 11. Ne2 h6 12. Bh4 Be7 13. Nd4 Bg4 14. f3 Bh5 15. c3 Bc5 16. g4 Bg6 17. Bxg6 fxg6 18. Qd3 Bxd4+ 19. Qxd4 g5 20. Bg3 c6 21. c4 Qb6 22. c5 Qb5 23. a4 Qc4 24. Qxc4 dxc4 25. a5 Nd5 26. Rf2 Nf4 27. Bxf4 Rxf4 28. Rd1 Rb8 29. Rd7 Rb5 30. Rxa7 Rxc5 31. Rd2 Rd5 32. Rxd5 cxd5 33. Kf2 d4 34. Rc7 d3 35. Ke3 Rd4 36. Kd2 Rd6 37. Rxc4 Kf7 38. Rc3 Rd5 39. b4 Rb5 40. Rb3 Ke6 41. Kxd3 Kd5 42. Kc3 g6 43. Rb2 h5 44. h3 Kc6 45. Re2 hxg4 46. hxg4 Kd5 47. Re8 Kd6 48. a6 1-0

[Event "Bucaramanga Santander-ch"]
[Site "Bucaramanga"]
[Date "2024.03.10"]
[Round "7"]
[White "Gonzalez Gonzalez, Mario Jesus"]
[Black "Pilonieta Forero, Andres Felipe"]
[Result "1-0"]
[WhiteElo "1591"]
[BlackElo "1694"]
[PlyCount "61"]
[EventDate "2024.03.08"]
[EventType "swiss"]
[EventRounds "7"]
[EventCountry "COL"]
[SourceTitle "CB13_2024"]
[SourceDate "2024.03.27"]
[SourceVersion "1"]
[SourceVersionDate "2024.03.27"]
[SourceQuality "1"]

1. e4 e5 2. Bc4 Nf6 3. Nc3 Nc6 4. d3 Bc5 5. f4 d6 6. f5 g6 7. g4 Bd7 8. Bg5 h6 9. Bh4 g5 10. Bg3 Qe7 11. h3 0-0-0 12. Qd2 h5 13. Qxg5 Rdg8 14. Qd2 hxg4 15. h4 Nh5 16. Qg2 Nf4 17. Qd2 Bxg1 18. Rxg1 Nd4 19. 0-0-0 Nf3 20. Qf2 Kb8 21. Rh1 Nh3 22. Rxh3 gxh3 23. Qxf3 Rxh4 24. Bxh4 Qxh4 25. Bxf7 Rg4 26. Rh1 Qg5+ 27. Kd1 Rg1+ 28. Ke2 Rg2+ 29. Kf1 Qc1+ 30. Nd1 Rd2 31. Bh5 1-0

[Event "Bucaramanga Santander-ch"]
[Site "Bucaramanga"]
[Date "2024.03.09"]
[Round "3"]
[White "Ortiz Perez, Javier Augusto"]
[Black "Pilonieta Forero, Andres Felipe"]
[Result "1-0"]
[WhiteElo "1930"]
[BlackElo "1694"]
[PlyCount "63"]
[EventDate "2024.03.08"]
[EventType "swiss"]
[EventRounds "7"]
[EventCountry "COL"]
[SourceTitle "CB13_2024"]
[SourceDate "2024.03.27"]
[SourceVersion "1"]
[SourceVersionDate "2024.03.27"]
[SourceQuality "1"]

1. b3 e5 2. Bb2 Nc6 3. c4 Nf6 4. e3 d5 5. cxd5 Nxd5 6. a3 Bc5 7. Bb5 Bd7 8. b4 Bb6 9. Qb3 Nf6 10. Nf3 Qe7 11. Bxc6 Bxc6 12. Nxe5 Bxg2 13. Rg1 Bd5 14. Qa4+ Nd7 15. Qxd7+ Qxd7 16. Nxd7 Kxd7 17. Nc3 Bc4 18. Rxg7 Rhg8 19. Rg3 f5 20. 0-0-0 f4 21. Rh3 Bd3 22. e4 Bc4 23. Rxh7+ Ke6 24. d4 Rad8 25. Ne2 Kf6 26. Nxf4 Rg4 27. d5+ Kg5 28. Ne6+ Kg6 29. Rg7+ Kh5 30. Rxg4 Kxg4 31. Nxd8 Bxf2 32. e5 1-0

[Event "Medellin de La Raza op"]
[Site "Medellin"]
[Date "2023.10.13"]
[Round "4"]
[White "Ruiz Agudelo, Jeronimo"]
[Black "Pilonieta Forero, Andres Felipe"]
[Result "1-0"]
[WhiteElo "1806"]
[BlackElo "1533"]
[PlyCount "41"]
[EventDate "2023.10.12"]
[EventType "swiss"]
[EventRounds "10"]
[EventCountry "COL"]
[SourceTitle "Mega2024 Update 01"]
[Source "Chessbase"]
[SourceDate "2023.11.12"]
[SourceVersion "1"]
[SourceVersionDate "2023.11.12"]
[SourceQuality "1"]

1. e4 e5 2. Nf3 Nc6 3. Bb5 a6 4. Ba4 Nf6 5. 0-0 b5 6. Bb3 Be7 7. Re1 d6 8. c3 0-0 9. h3 Na5 10. Bc2 c5 11. d4 Qc7 12. d5 Bd7 13. Nbd2 Rfb8 14. Nf1 Nc4 15. g4 a5 16. Ng3 g6 17. Kh2 a4 18. Rg1 b4 19. Qf1 bxc3 20. bxc3 Qa5 21. Ne2 1-0

[Event "Bucaramanga op"]
[Site "Bucaramanga"]
[Date "2023.09.07"]
[Round "3"]
[White "Rueda Plata, Isnardo"]
[Black "Pilonieta Forero, Andres Felipe"]
[Result "0-1"]
[WhiteElo "1611"]
[BlackElo "1526"]
[PlyCount "94"]
[EventDate "2023.09.06"]
[EventType "swiss"]
[EventRounds "9"]
[EventCountry "COL"]
[SourceTitle "EXT 2024"]
[Source "ChessBase"]
[SourceDate "2023.10.10"]
[SourceVersion "1"]
[SourceVersionDate "2023.10.10"]
[SourceQuality "1"]

1. e4 e5 2. Nf3 Nc6 3. Bc4 Bc5 4. Nc3 Nf6 5. 0-0 d6 6. d3 h6 7. h3 g5 8. Nxg5 hxg5 9. Bxg5 Rg8 10. h4 Be6 11. Qf3 Rg6 12. Nd5 Bxd5 13. Bxd5 Nd4 14. Qd1 Rxg5 15. hxg5 Nxd5 16. exd5 Qxg5 17. c3 Nf5 18. d4 Bb6 19. a4 a6 20. a5 Ba7 21. Re1 0-0-0 22. Qf3 Rg8 23. Re4 Kb8 24. Rae1 Nh4 25. Qg3 Nxg2 26. Kxg2 f5 27. Rxe5 dxe5 28. Qxg5 Rxg5+ 29. Kf1 e4 30. Ke2 Kc8 31. b4 Kd7 32. Ke3 Rg4 33. c4 Rh4 34. c5 Rh3+ 35. Kf4 Rf3+ 36. Ke5 Bb8 37. Re2 b6 38. c6+ Ke7 39. Re1 Rxf2 40. Rh1 e3 41. Rh7+ Kf8 42. Kf6 Kg8 43. Re7 bxa5 44. bxa5 e2 45. Kg6 Kf8 46. Kf6 Rh2 47. Re5 f4 0-1

[Event "COL-ch U18"]
[Site "Bogota"]
[Date "2023.05.11"]
[Round "1"]
[White "Caballero Marrugo, David Jose"]
[Black "Pilonieta Forero, Andres Felipe"]
[Result "1-0"]
[WhiteElo "1837"]
[BlackElo "1514"]
[PlyCount "121"]
[EventDate "2023.05.11"]
[EventType "swiss"]
[EventRounds "7"]
[EventCountry "COL"]
[SourceTitle "CBM 214 Extra"]
[Source "ChessBase"]
[SourceDate "2023.07.31"]
[SourceVersion "1"]
[SourceVersionDate "2023.07.31"]
[SourceQuality "1"]

1. Nf3 d5 2. c4 d4 3. e3 Nc6 4. Qa4 Bd7 5. b4 a6 6. Qb3 e5 7. a3 dxe3 8. dxe3 e4 9. Nd4 Ne5 10. Nd2 f5 11. Bb2 Qf6 12. Qc3 Nc6 13. Qc2 Nxd4 14. exd4 Nh6 15. Be2 Be7 16. Bh5+ Nf7 17. h4 Qh6 18. Be2 e3 19. fxe3 Qxe3 20. Nf3 0-0-0 21. Bc1 Qe4 22. Qxe4 fxe4 23. Ng5 Nxg5 24. hxg5 h6 25. gxh6 gxh6 26. Rxh6 Rxh6 27. Bxh6 Rh8 28. Be3 Rh1+ 29. Bf1 Bh4+ 30. Kd2 Bg4 31. Rc1 Bg3 32. Be2 Rh4 33. Bg5 Bf4+ 34. Bxf4 Bxe2 35. Kxe2 Rxf4 36. Rc3 Rg4 37. Kf2 e3+ 38. Rxe3 Rxd4 39. c5 Kd7 40. Kf3 b6 41. cxb6 cxb6 42. g4 a5 43. bxa5 bxa5 44. Kg3 Kd6 45. Kh4 Rd2 46. g5 Rh2+ 47. Kg4 Rg2+ 48. Kf5 Rf2+ 49. Kg6 Kd7 50. Kh7 Rh2+ 51. Kg7 Rh4 52. g6 Rf4 53. Kh7 Rh4+ 54. Kg8 Rf4 55. g7 Rh4 56. Rd3+ Ke7 57. Re3+ Kd7 58. Re5 a4 59. Kf7 Rh7 60. Kg6 Rh2 61. g8Q 1-0

[Event "Bucaramanga Santander-ch"]
[Site "Bucaramanga"]
[Date "2023.04.01"]
[Round "4"]
[White "Caicedo Solano, Eduardo"]
[Black "Pilonieta Forero, Andres Felipe"]
[Result "1-0"]
[WhiteElo "1822"]
[BlackElo "1504"]
[PlyCount "30"]
[EventDate "2023.03.31"]
[EventType "swiss"]
[EventRounds "7"]
[EventCountry "COL"]
[SourceTitle "CBM 213 Extra"]
[Source "ChessBase"]
[SourceDate "2023.05.31"]
[SourceVersion "1"]
[SourceVersionDate "2023.05.31"]
[SourceQuality "1"]

1. e4 e5 2. Nf3 Nc6 3. Bb5 a6 4. Ba4 Nf6 5. d3 b5 6. Bb3 Be7 7. Nbd2 0-0 8. Nf1 d5 9. Qe2 Re8 10. Ng3 Bf8 11. 0-0 dxe4 12. dxe4 Nd4 13. Nxd4 exd4 14. Bg5 h6 15. Bxf6 Qxf6 1-0

[Event "COL-chT"]
[Site "Bucaramanga"]
[Date "2022.09.08"]
[Round "4.4"]
[White "Barreiro Acosta, Frank"]
[Black "Pilonieta Forero, Andres Felipe"]
[Result "1-0"]
[WhiteElo "1784"]
[BlackElo "1488"]
[PlyCount "93"]
[EventDate "2022.09.06"]
[EventType "team-swiss"]
[EventRounds "7"]
[EventCountry "COL"]
[SourceTitle "CBM 210 Extra"]
[Source "ChessBase"]
[SourceDate "2022.11.30"]
[SourceVersion "1"]
[SourceVersionDate "2022.11.30"]
[SourceQuality "1"]
[WhiteTeam "Narino"]
[BlackTeam "Santander Chessfy"]
[WhiteTeamCountry "COL"]
[BlackTeamCountry "COL"]

1. d4 d5 2. Nf3 Nf6 3. g3 Bf5 4. Bg2 h6 5. c4 c6 6. 0-0 e6 7. Qb3 Qb6 8. c5 Qxb3 9. axb3 Nbd7 10. b4 Be7 11. Nc3 a6 12. b5 Ne4 13. bxc6 bxc6 14. Nd2 Ndf6 15. f3 Nxc3 16. bxc3 a5 17. Ra4 Kd7 18. e4 Bh7 19. Ba3 Ra7 20. Ra1 Rb8 21. c4 Bd8 22. cxd5 exd5 23. Bb4 Rb5 24. Bf1 Rbb7 25. exd5 cxd5 26. Bxa5 Bxa5 27. Rxa5 Rxa5 28. Rxa5 Rb2 29. Ra7+ Kc6 30. Nc4 dxc4 31. Bxc4 Bg6 32. Bxf7 Bxf7 33. Rxf7 Rb7 34. Rxb7 Kxb7 35. Kf2 Nd5 36. Ke2 Kc6 37. Kd3 Kd7 38. h4 g5 39. hxg5 hxg5 40. Ke4 Ke6 41. Kd3 Nc7 42. Kc4 Nd5 43. Kb5 Nc3+ 44. Kc6 Ne2 45. d5+ Ke7 46. Kc7 Nxg3 47. d6+ 1-0

[Event "COL-chT"]
[Site "Bucaramanga"]
[Date "2022.09.07"]
[Round "3.4"]
[White "Pilonieta Forero, Andres Felipe"]
[Black "Acosta Angulo, Mariana Valentina"]
[Result "1-0"]
[WhiteElo "1488"]
[BlackElo "1543"]
[PlyCount "111"]
[EventDate "2022.09.06"]
[EventType "team-swiss"]
[EventRounds "7"]
[EventCountry "COL"]
[SourceTitle "CBM 210 Extra"]
[Source "ChessBase"]
[SourceDate "2022.11.30"]
[SourceVersion "1"]
[SourceVersionDate "2022.11.30"]
[SourceQuality "1"]
[WhiteTeam "Santander Chessfy"]
[BlackTeam "Valle II"]
[WhiteTeamCountry "COL"]
[BlackTeamCountry "COL"]

1. e4 c5 2. Nf3 e6 3. d4 cxd4 4. Nxd4 a6 5. Nc3 b5 6. Bd3 Bb7 7. 0-0 Qc7 8. Re1 Nc6 9. Nxc6 Qxc6 10. a3 Be7 11. Bf1 d6 12. Qd3 Nf6 13. g3 0-0 14. Bg2 Nd7 15. Nd5 exd5 16. exd5 Qc8 17. Rxe7 Ne5 18. Qc3 Qxc3 19. bxc3 Bc8 20. Bf4 Nc4 21. Rc7 Bf5 22. Rxc4 bxc4 23. Bxd6 Rfd8 24. Bc7 Rd7 25. d6 Rc8 26. Rb1 h6 27. Rb8 Rxb8 28. Bxb8 Kf8 29. Bc6 Rd8 30. Bc7 Rc8 31. Kf1 Rxc7 32. dxc7 Bc8 33. Ke2 Ke7 34. Bd5 f6 35. Bxc4 Kd6 36. Kd3 Kxc7 37. Kd4 Kd6 38. f4 g5 39. fxg5 fxg5 40. h4 a5 41. hxg5 hxg5 42. Be2 Bf5 43. Bd3 Bd7 44. Kc4 Ba4 45. Kd4 Bd7 46. c4 Bg4 47. Be4 Bd7 48. c5+ Kc7 49. c6 Bg4 50. Kc5 Be2 51. c3 Bf1 52. c4 Be2 53. Kb5 Bf1 54. Bd5 Be2 55. Kxa5 Bd3 56. Kb5 1-0

[Event "COL-chT"]
[Site "Bucaramanga"]
[Date "2022.09.06"]
[Round "1.4"]
[White "Pilonieta Forero, Andres Felipe"]
[Black "Villa, Huber"]
[Result "0-1"]
[WhiteElo "1488"]
[BlackElo "2134"]
[PlyCount "72"]
[EventDate "2022.09.06"]
[EventType "team-swiss"]
[EventRounds "7"]
[EventCountry "COL"]
[SourceTitle "CBM 210 Extra"]
[Source "ChessBase"]
[SourceDate "2022.11.30"]
[SourceVersion "1"]
[SourceVersionDate "2022.11.30"]
[SourceQuality "1"]
[WhiteTeam "Santander Chessfy"]
[BlackTeam "Cordoba"]
[WhiteTeamCountry "COL"]
[BlackTeamCountry "COL"]

1. e4 e6 2. d4 d5 3. Nd2 Nf6 4. e5 Nfd7 5. Bd3 c5 6. c3 Nc6 7. Ne2 Be7 8. 0-0 Qb6 9. Nf3 h6 10. Qb3 Qc7 11. Qd1 b6 12. Bc2 Bb7 13. Ng3 0-0-0 14. a3 g5 15. Nh5 Kb8 16. b4 g4 17. Ne1 Rdg8 18. bxc5 bxc5 19. Bf4 Bg5 20. Bg3 Ka8 21. f3 cxd4 22. cxd4 Be3+ 23. Bf2 Bxf2+ 24. Rxf2 gxf3 25. Nxf3 Rg4 26. h3 Rgg8 27. Ba4 Nb6 28. Nf6 Rg3 29. Bxc6 Qxc6 30. Rc1 Nc4 31. Nd2 Rxa3 32. Nxc4 dxc4 33. Qc2 Rg3 34. Nh5 Rg5 35. Qe2 Rhg8 36. g4 Qh1# 0-1

[Event "Medellin Feria de las Flores op"]
[Site "Medellin"]
[Date "2022.08.07"]
[Round "9"]
[White "Pilonieta Forero, Andres Felipe"]
[Black "Luna Monsalve, Sofia"]
[Result "0-1"]
[WhiteElo "1518"]
[BlackElo "1318"]
[PlyCount "66"]
[EventDate "2022.08.03"]
[EventType "swiss"]
[EventRounds "9"]
[EventCountry "COL"]
[SourceTitle "CBM 209 Extra"]
[Source "ChessBase"]
[SourceDate "2022.09.30"]
[SourceVersion "1"]
[SourceVersionDate "2022.09.30"]
[SourceQuality "1"]

1. e4 e5 2. Nf3 Nc6 3. Bb5 a6 4. Ba4 Nf6 5. 0-0 b5 6. Bb3 Bc5 7. c3 d6 8. d4 Bb6 9. h3 Bb7 10. Re1 h6 11. Nbd2 0-0 12. Nf1 Re8 13. Ng3 Na5 14. Bc2 exd4 15. cxd4 c5 16. d5 Nc4 17. b3 Ne5 18. Nxe5 Rxe5 19. Bf4 Re8 20. Nf5 Bc7 21. Qf3 Bc8 22. Nxh6+ gxh6 23. Bxh6 Kh8 24. Bg5 Kg7 25. Qc3 b4 26. Qb2 Qe7 27. Re3 Qe5 28. Bxf6+ Kxf6 29. Rf3+ Ke7 30. Qxe5+ dxe5 31. a4 Bd7 32. Rc1 Bd6 33. Bd3 a5 0-1

[Event "Medellin Feria de las Flores op"]
[Site "Medellin"]
[Date "2022.08.04"]
[Round "3"]
[White "Diaz Gonzalez, Ana Sofia"]
[Black "Pilonieta Forero, Andres Felipe"]
[Result "0-1"]
[WhiteElo "1328"]
[BlackElo "1518"]
[PlyCount "46"]
[EventDate "2022.08.03"]
[EventType "swiss"]
[EventRounds "9"]
[EventCountry "COL"]
[SourceTitle "CBM 209 Extra"]
[Source "ChessBase"]
[SourceDate "2022.09.30"]
[SourceVersion "1"]
[SourceVersionDate "2022.09.30"]
[SourceQuality "1"]

1. e4 e5 2. Nf3 Nc6 3. Bc4 Bc5 4. c3 Qe7 5. 0-0 Nf6 6. d4 Bb6 7. Re1 d6 8. h3 h6 9. b4 g5 10. dxe5 dxe5 11. b5 Na5 12. Ba3 Bc5 13. Nxe5 Qxe5 14. Bxc5 Qxc5 15. e5 Nxc4 16. exf6+ Be6 17. a4 Qd6 18. Qf3 0-0-0 19. a5 Qd5 20. Qg3 Qxb5 21. Na3 Nxa3 22. Rxa3 Rd3 23. Qh2 Rhd8 0-1

[Event "Bucaramanga Meneses Memorial"]
[Site "Bucaramanga"]
[Date "2022.07.21"]
[Round "3"]
[White "Pilonieta Forero, Andres Felipe"]
[Black "Suarez Pinto, Sergio Rafael"]
[Result "0-1"]
[WhiteElo "1508"]
[BlackElo "1879"]
[PlyCount "72"]
[EventDate "2022.07.20"]
[EventType "swiss"]
[EventRounds "8"]
[EventCountry "COL"]
[SourceTitle "EXT 2024"]
[Source "ChessBase"]
[SourceDate "2023.10.10"]
[SourceVersion "1"]
[SourceVersionDate "2023.10.10"]
[SourceQuality "1"]

1. e4 e5 2. Nf3 Nc6 3. Bb5 a6 4. Ba4 Nf6 5. 0-0 Be7 6. Re1 b5 7. Bb3 d6 8. c3 Na5 9. Bc2 c5 10. h3 0-0 11. d4 Qc7 12. d5 Nc4 13. b3 Nb6 14. Be3 Re8 15. Nbd2 a5 16. Bd3 Bd7 17. Qe2 b4 18. Rec1 Reb8 19. c4 a4 20. Nf1 Ra7 21. Rab1 axb3 22. axb3 Rba8 23. Rc2 Nc8 24. Rbb2 Bf8 25. Ra2 Ne7 26. g4 Ng6 27. Qd2 Qc8 28. N3h2 Ra3 29. Rcb2 Qb7 30. Ng3 Nf4 31. Bxf4 exf4 32. Nf5 g6 33. Nh4 Bg7 34. f3 Ne8 35. Rxa3 bxa3 36. Ra2 Qxb3 0-1

[Event "Bucaramanga Santander-ch"]
[Site "Bucaramanga"]
[Date "2022.04.09"]
[Round "4"]
[White "Moreno Hernandez, Andres Mauricio"]
[Black "Pilonieta Forero, Andres Felipe"]
[Result "0-1"]
[WhiteElo "1703"]
[BlackElo "1603"]
[PlyCount "76"]
[EventDate "2022.04.08"]
[EventType "swiss"]
[EventRounds "8"]
[EventCountry "COL"]
[SourceTitle "CBM 207 Extra"]
[Source "ChessBase"]
[SourceDate "2022.05.31"]
[SourceVersion "1"]
[SourceVersionDate "2022.05.31"]
[SourceQuality "1"]

1. e4 e5 2. Nf3 Nc6 3. Bb5 a6 4. Ba4 Nf6 5. d3 b5 6. Bb3 Be7 7. Nc3 d6 8. h3 Na5 9. 0-0 0-0 10. Bg5 Nxb3 11. axb3 Be6 12. Re1 c5 13. Ne2 h6 14. Bh4 Nh7 15. Bxe7 Qxe7 16. Ng3 Ng5 17. Nxg5 Qxg5 18. Re3 f5 19. exf5 Bxf5 20. Nxf5 Rxf5 21. Rf3 Raf8 22. Rxf5 Qxf5 23. Qe2 Ra8 24. c4 b4 25. Qe3 Qf4 26. Qe2 Qd4 27. Qf3 Rf8 28. Qe2 Ra8 29. Qf3 Ra7 30. Ra2 a5 31. g4 Qf4 32. Qd5+ Rf7 33. Qg2 Qc1+ 34. Kh2 Qc2 35. Qa8+ Rf8 36. Qh1 Qd2 37. Qg1 Rxf2+ 38. Kh1 Qe3 0-1